000 00856nam a2200325Ia 4500
005 20260514124337.0
008 008 261405s9999 xx 000 0 eng d
037 _aThesis
040 _aCRL
040 _beng
040 _cCRL
041 _2eng
041 _aeng
084 _qCRL
100 _aPannu Dr. Sehajbir Kaur
_91239459
245 0 _aRole of Diffusion Weighted MRI in Evaluation of Carcinoma Cervix : Comparison with f-18 FDG PET/CT and Impact on Management.
260 _aDelhi
260 _bUniversity of Delhi
260 _c2016
300 _a92p.
502 _bPh.D.
502 _cUniversity of Delhi
502 _d2016
541 _oThesis
650 _aRadiodiagnosis
_91239449
700 _aBrig Dr. A Banerjee
_91239460
710 _aRadiodiagnosis
_91239454
942 _cTH
999 _c1851700
_d1851700